000 00500nam a2200181Ia 4500
003 LDD
008 181101s9999 xx 000 0 und d
020 _a9788175878587
_c116.00
040 _cLDD
100 _aSarwar, Mohd.
245 0 _aKhotoot-e-Mohammad Ali
_cMohd. Sarwar
260 _aNew Delhi
_bMaktaba Jamia Ltd.
_c2012
300 _a319p.
901 _a15921
_b17-03-2017
902 _a2841
_b17-03-2017
_cF
_dPIBD
_e8U
903 _a20
_bReqst by : Mohd. Akbar
942 _2ddc
_cUR
999 _c374
_d374